000 00653nam a2200265Ia 4500
005 20260121161430.0
008 008 260114s9999 xx 000 0 eng d
020 _a9781315051437
037 _aEBOOK
040 _aCRL
040 _beng
040 _cCRL
041 _2eng
041 _aeng
084 _qCRL
100 _aExistentialist Ontology and Human Consciousness
_91044691
245 0 _aWilliam L. McBride
260 _bTaylor and Francis
260 _c1997
650 _aPhilosophy
_91044692
856 _uhttp://www.taylorfrancis.com/books/9781315051437
942 _cEBOOK
999 _c1610753
_d1610753